000
00294nam a2200109Ia 4500
008
200302s9999 xx 000 0 und d
100
_a
Victoria Ballard Bell & Patrick Rand
245
_a
Materials for Architectural Design 2
260
_b
Laurence King Publishing
260
_c
2014
300
_a
272
999
_c
3621
_d
3621